| 000 | 00473 a2200145 4500 | ||
|---|---|---|---|
| 020 | _a8120716574 (paperback) | ||
| 020 | _a9788120716575 (paperback) | ||
| 090 |
_c4549 _d4549 |
||
| 100 | 1 | _aBalan, K. R. | |
| 245 | 1 | 0 |
_aDictionary of management / _cK. R. Balan. |
| 260 |
_a[S.l.] : _bSouth Asia Books, _c1995. |
||
| 300 |
_a1 v. (unpaged) ; _c23 cm. |
||
| 856 | 4 | 0 |
_3Amazon.com _uhttp://www.amazon.com/exec/obidos/ASIN/8120716574/chopaconline-20 |
| 942 |
_aNBS _cBK _k658.03 BAL |
||
| 999 |
_c346991 _d346991 |
||